| 000 | 01793cad a22003135a 4500 | ||
|---|---|---|---|
| 001 | L159426 | ||
| 008 | 170616s2017 xxk f f 001 0 eng d | ||
| 020 | _a9781783211968 | ||
| 035 | _a(Sirsi) u159426 | ||
| 041 | 0 | _aeng | |
| 110 | 2 |
_aRoyal Institution of Chartered Surveyors _94900 |
|
| 240 | 0 | 0 | _aRed Book |
| 245 | 0 | 0 |
_aRICS Valuation - Global Standards 2017: _bIncorporating the IVSC International Valuation Standards _c[old edition] |
| 260 |
_aLondon _bRICS _c2017 |
||
| 300 | _a117 p. | ||
| 490 | 0 | _aRICS Professional Statement | |
| 490 | 0 | _aRICS Valuation Standards | |
| 505 | 2 | _aPreface - Introduction - Glossary - Professional Standards - Valuation technical and performance standards, Valuation applications - International Valuation Standards 2017 | |
| 520 | _aContains mandatory professional standards and advisory guidance for all RICS registered valuers undertaking valuation services worldwide. Incorporates the International Valuation Standards 2017(IVS) issued by the International Valuation Standards Council which are published in full in Part 6. Effective from 1 July 2017 applies to all valuations where the valuation date is on or after that date. Accompanuing paper Basis for conclusion (L159427) explains the rationale behind the changes to the Red Book 2017. | ||
| 520 | _aSuperseded by 2020 edition ISBN 9781783213832 Issued November 2019, effective from 31 January 2020 | ||
| 650 | 2 | 4 | _aRICS VALUATION STANDARDS |
| 650 | 2 | 4 | _aINTERNATIONAL VALUATION STANDARDS 2017 |
| 650 | 2 | 4 | _aRED BOOK |
| 651 | 4 | _aInternational | |
| 690 |
_aValuation _96273 |
||
| 856 | 4 | 0 |
_uhttp://www.isurv.com/downloads/download/2166/rics_valuation_%E2%80%93_global_standards_2017 _zArchived on iSurv (subscription required) |
| 942 |
_n0 _2ddc |
||
| 999 |
_c115889 _d115889 |
||
| 490 | _aRICS Red Book | ||